Country house prices dip 0.5% in Q1 2012 (Record no. 113778)

MARC details
000 -LEADER
fixed length control field 00890cad a22002175a 4500
001 - CONTROL NUMBER
control field L155730
008 - FIXED-LENGTH DATA ELEMENTS--GENERAL INFORMATION
fixed length control field 120412s2012 xxk f 000 0 eng d
035 ## - SYSTEM CONTROL NUMBER
System control number (Sirsi) u155730
041 0# - LANGUAGE CODE
Language code of text/sound track or separate title eng
110 2# - MAIN ENTRY--CORPORATE NAME
Corporate name or jurisdiction name as entry element Knight Frank
9 (RLIN) 1530
245 00 - TITLE STATEMENT
Title Country house prices dip 0.5% in Q1 2012
Medium [electronic resource]
260 ## - PUBLICATION, DISTRIBUTION, ETC.
Place of publication, distribution, etc. London
Date of publication, distribution, etc. Knight Frank
Name of publisher, distributor, etc. 2012
490 #0 - SERIES STATEMENT
Series statement Knight Frank Prime Country House Index
Volume/sequential designation Q1 2012
520 ## - SUMMARY, ETC.
Summary, etc. Prime country house prices fell 0.5% in Q1 2012. Annual decline in prices widened to 4.15. Super prime (properties worth £5m or more) continues to rise. Sale volumes increase.
590 ## - LOCAL NOTE (RLIN)
Local note KA NTK
650 24 - SUBJECT ADDED ENTRY--TOPICAL TERM
Topical term or geographic name entry element Knight Frank Prime Country House Index
651 #4 - SUBJECT ADDED ENTRY--GEOGRAPHIC NAME
Geographic name UNITED KINGDOM
690 ## - LOCAL SUBJECT ADDED ENTRY--TOPICAL TERM (OCLC, RLIN)
Topical term or geographic name as entry element Residential property
9 (RLIN) 6266
856 40 - ELECTRONIC LOCATION AND ACCESS
Uniform Resource Identifier <a href="https://knightfrank.com/research/">https://knightfrank.com/research/</a>
Public note View the item free of charge under researcy as knightfrank.com/research
942 ## - ADDED ENTRY ELEMENTS (KOHA)
Suppress in OPAC 0
Holdings
Withdrawn status Lost status Source of classification or shelving scheme Damaged status Not for loan Home library Current library Shelving location Date acquired Total Checkouts Full call number Barcode Date last seen Copy number Price effective from Koha item type
    Dewey Decimal Classification     Virtual Virtual Online 12/04/2012   ONLINE PUBLICATION 155730-2001 06/08/2019 1 06/08/2019 Book